Sociology of Indian culture (Record no. 312270)

MARC details
000 -LEADER
fixed length control field 00577 a2200217 4500
005 - DATE & TIME
control field 20240717160007.0
008 - FIXED-LENGTH DATA ELEMENTS--GENERAL INFORMATION
fixed length control field 240717b |||||||| |||| 00| 0 eng d
020 ## - ISBN
International Standard Book Number 9788131131306
Price Rs. 1095.00
040 ## - CATALOGING SOURCE
Original cataloging agency VIVEKANANDA LIBRARY
082 ## - DDC NUMBER
Classification number 301.20954
Book Number M896S(2)
100 ## - MAIN ENTRY--PERSONAL NAME
Personal name Mukerji, Dhurjati Prasad
245 ## - TITLE STATEMENT
Title Sociology of Indian culture
250 ## - EDITION STATEMENT
Edition statement 2nd
260 ## - PUBLICATION, DISTRIBUTION, ETC. (IMPRINT)
Name of publisher, distributor, etc Rawat Publications
Date of publication, distribution, etc 2023
Place of publication, distribution, etc Jaipur
300 ## - PHYSICAL DESCRIPTION
Pages ix, 235
650 ## - Subject
Subject Education Mobility
650 ## - Subject
Subject Social Mobility
650 ## - Subject
Subject Modern Indian Culture
650 ## - Subject
Subject Modern Indian Music
942 ## - ADDED ENTRY ELEMENTS (KOHA)
Koha item type Books
Holdings
Withdrawn status Lost status Source of classification or shelving scheme Damaged status Not for loan Location (home branch) Sublocation or collection (holding branch) Shelving location Date acquired Koha issues (times borrowed) Koha full call number Accession No. Koha date last seen Koha item type
    Dewey Decimal Classification     VIVEKANANDA LIBRARY VIVEKANANDA LIBRARY Vivekananda Library 23/02/2024   301.20954 M896S(2) 435311 23/02/2024 Books
© Designed and Maintained by Vivekananda Library, MDU Rohtak